| 000 | 00432nam a2200145Ia 4500 | ||
|---|---|---|---|
| 003 | GCL | ||
| 008 | 140319s9999 xx 000 0 ara d | ||
| 040 |
_aGCL / _cGCL |
||
| 082 | 0 | 4 |
_a636.08 _bن م |
| 100 | 1 | _aنيلسون , ش روبرت | |
| 245 | 1 | 0 |
_aمقدمة فى تغذية حيوانات المزرعة / _cنيلسون , ش روبرت |
| 700 | 1 | _aصالح رمضان الطائر | |
| 300 | _a316 | ||
| 490 |
_a100 قصة _v0 |
||
| 999 |
_c43369 _d43369 |
||